Central Library and Information Centre
Sibsagar Girls' College, Sivasagar : Assam

NUTRIENTS A TO Z (Record no. 9997)

MARC details
000 -LEADER
fixed length control field 00374cam a2200169ua 4500
008 - FIXED-LENGTH DATA ELEMENTS--GENERAL INFORMATION
fixed length control field 190417n II |||gr||||Z||||||eng
040 ## - CATALOGING SOURCE
Original cataloging agency MAIN
041 ## - LANGUAGE CODE
-- English
082 ## - DEWEY DECIMAL CLASSIFICATION NUMBER
Classification number 640 SHA
100 ## - MAIN ENTRY--PERSONAL NAME
Personal name SHARON, MICHAEL.
245 ## - TITLE STATEMENT
Title NUTRIENTS A TO Z
260 ## - PUBLICATION, DISTRIBUTION, ETC.
Place of publication, distribution, etc. KOLKATA
Name of publisher, distributor, etc. RUPA & CO.
300 ## - PHYSICAL DESCRIPTION
Extent 279.
942 ## - ADDED ENTRY ELEMENTS (KOHA)
Koha item type Books
653 ## - INDEX TERM--UNCONTROLLED
Uncontrolled term Home & family management
Holdings
Withdrawn status Lost status Damaged status Not for loan Collection code Home library Current library Shelving location Date acquired Full call number Barcode Date last seen Copy number Price effective from Koha item type
        REFHMSC Central Library and Information Centre Sibsagar Girls College Central Library and Information Centre Sibsagar Girls College Home Science Rack 27.02.2020 640 SHA 16929A 27.02.2020 1 27.02.2020 Books


Sibsagar Girl's College © 2020. All rights reserved.
Powered by Koha.
Maintained by Abhijit Borpuzari.